Elementary number theory /

Đã lưu trong:
Bibliografiske detaljer
Hovedforfatter: Burton, David M.
Format: Bog
Sprog:English
Udgivet: New York : McGraw-Hill, 1998.
Udgivelse:4th ed.
Fag:
Tags: Tilføj Tag
Ingen Tags, Vær først til at tagge denne postø!
Thư viện lưu trữ: Mạng thư viện Đại học Đà Nẵng
LEADER 00782cam a2200325 a 4500
001 000046142
003 5472
005 20060612091829.0
008 010220b1998 vm 000 eng
020 |a 0070094667 
040 |a IRC  |c IRC  |d IRC 
041 0 |a eng 
082 1 4 |a 512.72  |b BU-D 
100 1 |a Burton, David M. 
245 1 0 |a Elementary number theory /  |c David M. Burton. 
250 |a 4th ed. 
260 |a New York :  |b McGraw-Hill,  |c 1998. 
300 |a xiv, 386 p. :  |b ill. 
630 0 4 |a Mathematics. 
650 0 4 |a Number theory. 
OWN |a DUT 
999 |a From the UDN01 
TYP |a Monograph 
TYP |a Printed language 
980 |a Mạng thư viện Đại học Đà Nẵng